Sergio Mattarella - Statistics

Statistiche generali
  • Questo quiz è stato fatto 41 volte
  • Il punteggio medio è 3 su 7
Statistiche sulle risposte
Anni Carica ricoperta % Corretto
2015- Presidente della Repubblica
100%
1983-2008 Deputato
73%
2011-2015 Giudice della corte costituzionale
24%
1989-1990 Ministro dell'istruzione
18%
1999-2001 Ministro della difesa
15%
1998-1999 Vicepresidente del consiglio dei ministri
12%
1987-1989 Ministro per i rapporti con il Parlamento
9%
Nessun quiz corrispondente trovato
Distribuzione punteggi
Percentuale di utenti per punteggio
Percentile per numero di risposta
I tuoi punteggi nel tempo
Non hai fatto questo quiz